000 00541nam a2200181Ia 4500
001 9313
005 20260306161709.0
008 260306t2001||||xx |||||||||||||| ||spa||
041 _aESP
082 _a378.1
_bI436-2
100 _aInstituto de investigación y fomento de la modernización y acreditación universitaria (IFOMACU)
_eAUT
245 0 _aModernización para la acreditación:
_bÁreas o campos de acción
260 _c2001
300 _a278 páginas :
_c20 cm.
650 _aGEN
654 _aCED
942 _cLIB
_dJUS
_fJUS
_2ddc
_n
999 _c9313
_d9313